000 00313nam a22001337a 4500
008 170928b xxu||||| |||| 00| 0 eng d
020 _a9780844203324
041 _aeng
080 _22ND
_a37
100 _a47
101 _aEDU
245 _aINVESTIGATING RESOURCES IN CYBERSPACE
_cWOODWARD,J,A
942 _2udc
_cBK
999 _c30577
_d30577